| 000 | 00675nam a2200205 u 4500 | ||
|---|---|---|---|
| 005 | 20210223132453.0 | ||
| 008 | 140922s2007 es r 000 0 spa d | ||
| 020 | _a9781405488365 | ||
| 035 | _aUPN01000199712 | ||
| 049 | _aI | ||
| 050 | 4 |
_aPZ76.3 _bB8.67 |
|
| 100 | 1 |
_aButterfield, Moira _936855 |
|
| 245 | 1 | 3 |
_aEl osito polar y el arco iris / _cMoira Butterfield ; il. Sanja Rescek ; tr. Marta BorrĂ¡s Monill. |
| 260 |
_aBarcelona, Esp. : _bParragon, _c2007. |
||
| 300 |
_a[16] p. : _bprincipalmente il. col. |
||
| 650 | 4 |
_aOSOS - _vLITERATURA INFANTIL _923577 |
|
| 650 | 4 |
_aARCO IRIS - _vLITERATURA INFANTIL _913763 |
|
| 700 | 1 |
_aRescek, Sanja, _eil. |
|
| 905 | _aInfantil | ||
| 999 |
_c171813 _d171813 |
||